00935nam a22002417a 4500999001900000005001700019010001500036020003000051035001400081037001300095082001000108100001700118245009000135260004400225270011100269300009100380700001700471700001900488700002400507700002400531942002400555952011400579 c178729d17872920210412141722.0 aENG-129437 c795.00a978-93-88016-67-4 aEN-112969 bDBAD/PUB a371.9 aJasmer Singh aHandbook on Special Education and Children With Special Needs/bJasmer Singh, et. al. aNew DelhibNeelkamal Publicationsc2019 a4764/1, 23, Ansari Road, DaryaganjbNew Delhie110002k011-23244237, 98118-28953mneelkamalbooks@gmail.com axviii+498p.c24cm(pbk)bincluding illustrations, Bibliographical references and index. aJasmer Singh aG. Sri Krishna aMishra, Premananda  aReddy, K. Srinivas  2ddccENh371.9mHAN 00104070aAVbAVd2021-04-12eDBAD/PUBg795.00l0o371.9 HANpEN-112969r2021-04-12 00:00:00t1v795.00yEN